000 00905nam a2200265 i 4500
001 12645
003 ES-MaACL
005 20250807012652.0
007 t|
008 900524s1987 sp a |||| | spa j
020 _a84-505-6165-5
080 _a916.49
080 _a72(649)(091)
100 1 _aSartoris, Alberto.
_9103891
245 1 0 _aMagia de las Canarias /
_cAlberto Sartoris ; traducción, prólogo, documentación y notas, Mª Isabel Navarro Segura.
260 _a[Santa Cruz de Tenerife] :
_bConsejería de Cultura y Deportes,
_c1987.
300 _a151 p. :
_bil. col. y n. ;
_c31 cm.
504 _aBibliografía: p. 34-37.
650 4 _aArquitectura-
_zCanarias-
_vHistoria.
_99989
650 7 _a
_2
_9241616
700 1 _aNavarro Segura, Mª Isabel.
_985170
710 1 _aCanarias.
_bConsejería de Cultura y Deportes.
_9169400
852 _aES-MaACL
_jL-19970
999 _c12645
_d12645